Kỹ thậut số ứng dụng

Nội dung giới thiệu những khái niệm cơ bản về kỹ thuật số, các cổng logic căn bản. Thực hiện mạch logic và phương pháp rút gọn, module chức năng và các mạch ứng dụng...

Αποθηκεύτηκε σε:
Λεπτομέρειες βιβλιογραφικής εγγραφής
Κύριος συγγραφέας: Nguyễn, Thanh Hải
Μορφή: Βιβλίο
Γλώσσα:Undetermined
Έκδοση: Hà Nội Thế giới [ 2001 ]
Θέματα:
Ετικέτες: Προσθήκη ετικέτας
Δεν υπάρχουν, Καταχωρήστε ετικέτα πρώτοι!
Thư viện lưu trữ: Trung tâm Học liệu Trường Đại học Cần Thơ
LEADER 00804nam a2200205Ia 4500
001 CTU_148508
008 210402s9999 xx 000 0 und d
020 |c 32000 
082 |a 621.382 
082 |b H103 
100 |a Nguyễn, Thanh Hải 
245 0 |a Kỹ thậut số ứng dụng 
245 0 |c Nguyễn Thanh Hải 
260 |a Hà Nội 
260 |b Thế giới 
260 |c [ 2001 ] 
520 |a Nội dung giới thiệu những khái niệm cơ bản về kỹ thuật số, các cổng logic căn bản. Thực hiện mạch logic và phương pháp rút gọn, module chức năng và các mạch ứng dụng... 
650 |a Digital electronics 
904 |i QHieu 
980 |a Trung tâm Học liệu Trường Đại học Cần Thơ